Normal view
MARC view
Entry Personal Name
001 - CONTROL NUMBER
- control field: 60571
003 - CONTROL NUMBER IDENTIFIER
- control field: dpl
005 - DATE AND TIME OF LATEST TRANSACTION
- control field: 20240103113043.0
008 - FIXED-LENGTH DATA ELEMENTS
- fixed length control field: 240103|| aca||aabn | a|a d
040 ## - CATALOGING SOURCE
- Original cataloging agency: dpl
- Transcribing agency: dpl
100 ## - HEADING--PERSONAL NAME
- Personal name: Kiran, A. Karanthi
670 ## - SOURCE DATA FOUND
- Source citation: Work cat.: (dpl)194108: Paramesh, K. 60569, Gurukul Mains Mathematics/, 2015
